Nyugdíjba vonult
Elmentve itt :
| Dokumentumtípus: | Cikk |
|---|---|
| Megjelent: |
1983-01-05
|
| Sorozat: | Délmagyarország
73 No. 3 |
| Kulcsszavak: | Szilágyi Júlia |
| Online Access: | http://dmarchiv.bibl.u-szeged.hu/100388 |
| LEADER | 00388nab a2200145 i 4500 | ||
|---|---|---|---|
| 001 | delm100388 | ||
| 005 | 20190628131528.0 | ||
| 008 | 190628s1983 hu o 0|| hun d | ||
| 040 | |a SZTE Délmagyarország Archívum |b hun | ||
| 041 | |a hun | ||
| 245 | 0 | 0 | |a Nyugdíjba vonult |h [elektronikus dokumentum] |
| 260 | |c 1983-01-05 | ||
| 300 | |a 5 | ||
| 490 | 0 | |a Délmagyarország |v 73 No. 3 | |
| 695 | |a Szilágyi Júlia | ||